[Event "RSA-chT Regions"]
[Site "Boksburg"]
[Date "2020.01.10"]
[Round "3.3"]
[White "Mthetho, Jeffrey"]
[Black "Mbedza, Richard"]
[Result "1-0"]
[WhiteElo "1661"]
[BlackElo "1886"]
[PlyCount "121"]
[EventDate "2020.01.09"]
[EventType "team-swiss"]
[EventRounds "7"]
[EventCountry "RSA"]
[SourceTitle "CBM 194 Extra"]
[Source "ChessBase"]
[SourceDate "2020.03.31"]
[SourceVersion "1"]
[SourceVersionDate "2020.03.31"]
[SourceQuality "1"]
[WhiteTeam "Ehlanzeni"]
[BlackTeam "Ekurhuleni Coaches"]
[WhiteTeamCountry "RSA"]
[BlackTeamCountry "RSA"]

1. e4 e6 2. Nf3 c6 3. d4 d5 4. exd5 cxd5 5. Bd3 f5 6. Ne5 Nf6 7. Bg5 Be7 8. Bxf6 Bxf6 9. Qh5+ g6 10. Qe2 Nc6 11. Bb5 Qb6 12. c3 0-0 13. Nf3 Bd7 14. 0-0 Rae8 15. Bxc6 bxc6 16. b3 c5 17. Rd1 Bb5 18. Qe3 f4 19. Qd2 Bg7 20. Na3 cxd4 21. cxd4 Bd7 22. Rac1 Qd6 23. Qa5 Ra8 24. Nb5 Bxb5 25. Qxb5 Rac8 26. Qa5 Qd7 27. Qa6 h6 28. Qd3 g5 29. h3 Rc6 30. b4 Rfc8 31. Rc5 Rxc5 32. bxc5 Qa4 33. Rc1 Kf7 34. Rc2 Rc7 35. Qh7 Kf8 36. Re2 Re7 37. Qd3 Kf7 38. Kh2 Kg8 39. Rb2 Qe8 40. Re2 Qh5 41. Kg1 g4 42. hxg4 Qxg4 43. Rb2 Bf6 44. c6 Qg7 45. Rb8+ Kf7 46. Rb7 Kg8 47. Qa6 e5 48. dxe5 Bxe5 49. Qxa7 Bc7 50. Rb1 Qg6 51. Rd1 Qe4 52. Qd4 Re6 53. Qa7 Qc2 54. Rxd5 Qxc6 55. Rc5 Qb6 56. Rxc7 Qb1+ 57. Kh2 Qe4 58. Rc8+ Re8 59. Rxe8+ Qxe8 60. Qc5 Qh5+ 61. Qxh5 1-0